<?xml version="1.0" encoding="UTF-8"?>
<record
    xmlns:xsi="http://www.w3.org/2001/XMLSchema-instance"
    xsi:schemaLocation="http://www.loc.gov/MARC21/slim http://www.loc.gov/standards/marcxml/schema/MARC21slim.xsd"
    xmlns="http://www.loc.gov/MARC21/slim">

  <leader>00425nam a22001457a 4500</leader>
  <controlfield tag="008">211122b        |||||||| |||| 00| 0 eng d</controlfield>
  <datafield tag="050" ind1=" " ind2=" ">
    <subfield code="a">G70.2</subfield>
    <subfield code="b">.M37 1996 </subfield>
  </datafield>
  <datafield tag="100" ind1=" " ind2=" ">
    <subfield code="a">Martin, David</subfield>
  </datafield>
  <datafield tag="245" ind1=" " ind2=" ">
    <subfield code="a">Geographic information systems/</subfield>
    <subfield code="b">Socioeconomic applications</subfield>
    <subfield code="c">David Martin</subfield>
  </datafield>
  <datafield tag="250" ind1=" " ind2=" ">
    <subfield code="a">2nd ed.</subfield>
  </datafield>
  <datafield tag="260" ind1=" " ind2=" ">
    <subfield code="a">London</subfield>
    <subfield code="b">Routledge</subfield>
    <subfield code="c">1996</subfield>
  </datafield>
  <datafield tag="300" ind1=" " ind2=" ">
    <subfield code="a">xxii, 210p.</subfield>
  </datafield>
  <datafield tag="650" ind1=" " ind2=" ">
    <subfield code="a">Geographic information systems</subfield>
  </datafield>
  <datafield tag="942" ind1=" " ind2=" ">
    <subfield code="2">lcc</subfield>
    <subfield code="c">BK</subfield>
  </datafield>
  <datafield tag="999" ind1=" " ind2=" ">
    <subfield code="c">19144</subfield>
    <subfield code="d">19143</subfield>
  </datafield>
  <datafield tag="952" ind1=" " ind2=" ">
    <subfield code="0">0</subfield>
    <subfield code="1">0</subfield>
    <subfield code="2">lcc</subfield>
    <subfield code="7">0</subfield>
    <subfield code="a">KABU</subfield>
    <subfield code="b">KABU</subfield>
    <subfield code="d">2021-11-22</subfield>
    <subfield code="g">5963.00</subfield>
    <subfield code="l">0</subfield>
    <subfield code="o">G70.2 .M37 1996 C.1</subfield>
    <subfield code="p">031135</subfield>
    <subfield code="r">2021-11-22 00:00:00</subfield>
    <subfield code="w">2021-11-22</subfield>
    <subfield code="y">BK</subfield>
  </datafield>
  <datafield tag="952" ind1=" " ind2=" ">
    <subfield code="0">0</subfield>
    <subfield code="1">0</subfield>
    <subfield code="2">lcc</subfield>
    <subfield code="7">0</subfield>
    <subfield code="a">KABU</subfield>
    <subfield code="b">KABU</subfield>
    <subfield code="d">2021-11-22</subfield>
    <subfield code="g">5963.00</subfield>
    <subfield code="o">G70.2 .M37 1996 C.2</subfield>
    <subfield code="p">031136</subfield>
    <subfield code="r">2021-11-22 00:00:00</subfield>
    <subfield code="w">2021-11-22</subfield>
    <subfield code="y">BK</subfield>
  </datafield>
  <datafield tag="952" ind1=" " ind2=" ">
    <subfield code="0">0</subfield>
    <subfield code="1">0</subfield>
    <subfield code="2">lcc</subfield>
    <subfield code="7">0</subfield>
    <subfield code="a">KABU</subfield>
    <subfield code="b">KABU</subfield>
    <subfield code="d">2023-05-19</subfield>
    <subfield code="g">5665.00</subfield>
    <subfield code="l">0</subfield>
    <subfield code="o">G70.2 .M37 1996  c.3</subfield>
    <subfield code="p">031908</subfield>
    <subfield code="r">2023-05-19 00:00:00</subfield>
    <subfield code="w">2023-05-19</subfield>
    <subfield code="y">BK</subfield>
  </datafield>
</record>
